Contemporary Economic Policy (Record no. 3743)

000 -LEADER
fixed length control field 00421 a2200169 4500
003 - CONTROL NUMBER IDENTIFIER
control field OSt
005 - DATE AND TIME OF LATEST TRANSACTION
control field 20170105101224.0
008 - FIXED-LENGTH DATA ELEMENTS--GENERAL INFORMATION
fixed length control field 160818b xxu||||| |||| 00| 0 eng d
020 ## - INTERNATIONAL STANDARD BOOK NUMBER
International Standard Book Number 0
040 ## - CATALOGING SOURCE
Transcribing agency 0
082 ## - DEWEY DECIMAL CLASSIFICATION NUMBER
Classification number 338.9 COL 1999
100 ## - MAIN ENTRY--PERSONAL NAME
Personal name Darwin C. Hall
245 ## - TITLE STATEMENT
Title Contemporary Economic Policy
Statement of responsibility, etc. Drawin C. Hall
300 ## - PHYSICAL DESCRIPTION
Extent 422 p.
Other physical details PB
440 ## - SERIES STATEMENT/ADDED ENTRY--TITLE
Title Contemporary Economic Policy
942 ## - ADDED ENTRY ELEMENTS (KOHA)
Koha item type Book
Call number prefix 338.9 COL
Source of classification or shelving scheme
Holdings
Withdrawn status Lost status Source of classification or shelving scheme Damaged status Not for loan Collection code Permanent Location Current Location Shelving location Date acquired Total Checkouts Full call number Barcode Date last seen Price effective from Koha item type
            Central Library (CL) Central Library (CL) General Stacks 11/30/2016   338.9 COL 1999 S3H-N-1274 11/30/2016 11/30/2016 Book
© 2023 Central Library, National University of Sciences and Technology. All Rights Reserved.